1990 census of population and housing. Population and housing characteristics for census tracts and block numbering areas. Huntington-Ashland, WV-KY-OH MSA.

Bibliographic Details
Uniform Title:Census of population and housing (1990).
Corporate Author: United States. Bureau of the Census
Format: Government Document Book
Language:English
Published: Washington, DC : U.S. Dept. of Commerce, Economics and Statistics Administration, Bureau of the Census : [1993]
Subjects:

MARC

Tag First Indicator Second Indicator Subfields
LEADER 00000cam a2200000 a 4500
001 in00001154321
005 20151001060911.0
008 930902s1993 dcua bs f000 0 eng d
010 |a gp 94060953  
020 |c $19.00 
035 |a (OCoLC)28736981 
035 |9 AGD1093AM 
037 |a 003-024-07873-2  |b GPO 
040 |a GPO  |c GPO  |d DLC  |d UtOrBLW 
043 |a n-us-wv  |a n-us-ky  |a n-us-oh 
074 |a 0156-K-48 
086 0 |a C 3.223/11:1990 CPH-3-177 
130 0 |a Census of population and housing (1990).  |p Population and housing characteristics for census tracts and block numbering areas. 
245 1 0 |a 1990 census of population and housing.  |p Population and housing characteristics for census tracts and block numbering areas.  |p Huntington-Ashland, WV-KY-OH MSA. 
264 1 |a Washington, DC :  |b U.S. Dept. of Commerce, Economics and Statistics Administration, Bureau of the Census :  |c [1993] 
264 2 |a Washington, DC :  |b For sale by the Supt. of Docs., U.S. G.P.O., 
300 |a 1 volume (various pagings) :  |b illustrations ;  |c 28 cm. 
336 |a text  |b txt  |2 rdacontent 
337 |a unmediated  |b n  |2 rdamedia 
338 |a volume  |b nc  |2 rdacarrier 
500 |a At head of title: 1990 CPH-3-177. 
500 |a Shipping list number: 93-0501-P. 
500 |a "Issued July 1993." 
500 |a Chiefly tables. 
504 |a Includes bibliographical references (p. F-4). 
651 0 |a Huntington Metropolitan Area (W. Va.)  |x Census, 1990. 
651 0 |a Ashland Metropolitan Area (Ky.)  |x Census, 1990. 
651 0 |a Ohio  |x Census, 1990. 
651 0 |a Huntington Metropolitan Area (W. Va.)  |x Population  |x Statistics. 
651 0 |a Ashland Metropolitan Area (Ky.)  |x Population  |x Statistics. 
651 0 |a Ohio  |x Population  |x Statistics. 
650 0 |a Housing  |z West Virginia  |z Huntington Metropolitan Area  |x Statistics. 
650 0 |a Housing  |z Kentucky  |z Ashland Metropolitan Area  |x Statistics. 
650 0 |a Housing  |z Ohio  |x Statistics. 
651 0 |a United States  |v Census, 1990. 
710 1 |a United States.  |b Bureau of the Census. 
740 0 |a Huntington-Ashland, WV-KY-OH MSA. 
999 |a MARS 
999 f f |s 8f46b326-1e93-3939-94b9-938c2acfe05d  |i 51bc75b8-4b28-3a57-8e2e-848a669792d2  |t 0 
952 f f |p noncirc  |a Texas A&M University  |b College Station  |c Sterling C. Evans Library  |d Evans: US Documents (Annex 5th floor)  |t 0  |e C 3.223/11: 990 CPH-3-177  |h Superintendent of Documents classification  |i unmediated -- volume  |m A14817489856 
998 f f |a C 3.223/11: 990 CPH-3-177  |t 0  |l Evans: US Documents (Annex 5th floor)